000 00369nam a2200145 i 4500
001 bg
100 1 _aMORDASEWICZ, Jeremi
245 0 _aStal w konstrukcjach budowlanych /
_cJ. Mordasewicz, Z. Otrębski.
260 _aWarszawa,
_c1981.
700 1 _aOTRĘBSKI, Zbigniew
040 _cBPK
041 _apol
942 _cKS
008 s pl f |000 0 pol
999 _c19974
_d19974
856 _uhttp://koha.tu.koszalin.pl/cgi-bin/koha/opac-detail.pl?biblionumber=19974
_yKatalog online BPK